World construction 2011 (Record no. 112936)

MARC details
000 -LEADER
fixed length control field 01026cad a22002055a 4500
001 - CONTROL NUMBER
control field L154326
008 - FIXED-LENGTH DATA ELEMENTS--GENERAL INFORMATION
fixed length control field 111114s2011 xxk f 000 0 eng d
035 ## - SYSTEM CONTROL NUMBER
System control number (Sirsi) u154326
041 0# - LANGUAGE CODE
Language code of text/sound track or separate title eng
100 1# - MAIN ENTRY--PERSONAL NAME
Personal name Crosthwaite, David
245 00 - TITLE STATEMENT
Title World construction 2011
Medium [electronic resource]
260 ## - PUBLICATION, DISTRIBUTION, ETC.
Place of publication, distribution, etc. [S.l.]
Name of publisher, distributor, etc. Davis Langdon
Date of publication, distribution, etc. 2011
520 ## - SUMMARY, ETC.
Summary, etc. A snapshot construction market overview illustrated with charts and tables of global construction spending 2010 (US$), global construction spending growth 2010-11 (% change), share of construction spending by region 2010-20, and share of construction spending by development status 2005-20; regional overview; general outlook.
590 ## - LOCAL NOTE (RLIN)
Local note KA NTK
651 #4 - SUBJECT ADDED ENTRY--GEOGRAPHIC NAME
Geographic name International
690 ## - LOCAL SUBJECT ADDED ENTRY--TOPICAL TERM (OCLC, RLIN)
Topical term or geographic name as entry element BUILT ENVIRONMENT-CONSTRUCTION MARKET
710 1# - ADDED ENTRY--CORPORATE NAME
Corporate name or jurisdiction name as entry element Davis Langdon
9 (RLIN) 4649
856 40 - ELECTRONIC LOCATION AND ACCESS
Uniform Resource Identifier <a href="https://www.davislangdon.com/upload/StaticFiles/EME%20Publications/Other%20Research%20Publications/WorldConstruction2011.pdf">https://www.davislangdon.com/upload/StaticFiles/EME%20Publications/Other%20Research%20Publications/WorldConstruction2011.pdf</a>
Public note View the report free of charge at www.davislangdon.com
942 ## - ADDED ENTRY ELEMENTS (KOHA)
Suppress in OPAC 0
Holdings
Withdrawn status Lost status Source of classification or shelving scheme Damaged status Not for loan Home library Current library Shelving location Date acquired Total Checkouts Full call number Barcode Date last seen Copy number Price effective from Koha item type
    Dewey Decimal Classification     Virtual Virtual Online 14/11/2011   ONLINE PUBLICATION 154326-2001 06/08/2019 1 06/08/2019 Book